[Event "LTU Wch 2021"]
[Site "Vilnius"]
[Date "2021.10.26"]
[Round "7"]
[Board "7"]
[White "Alionyte, Patricija"]
[Black "Maciulaityte, Barbora"]
[Result "0-1"]
[WhiteElo "1031"]
[BlackElo "1508"]
[PlyCount "50"]
[EventDate "2021.10.22"]
[EventRounds "7"]
[EventCountry "LTU"]

1. d4 d5 2. Nc3 Nf6 3. Bf4 c6 4. e3 g6 5. Bd3 Bg7 6. Nf3 O-O 7. Qd2 Nbd7 8. e4
dxe4 9. Nxe4 Nxe4 10. Bxe4 Nf6 11. Bd3 Bg4 12. c3 Qb6 13. O-O-O Rfd8 14. Qc2
Be6 15. b3 Rac8 16. Be3 Nd5 17. c4 Nb4 18. Qd2 Qa5 19. Bb1 c5 20. a4 cxd4 21.
Nxd4 Bxc4 22. bxc4 Rxc4+ 23. Bc2 Qxa4 24. Nb3 Qa3+ 25. Kb1 Qb2#  0-1